ระบบห้องสมุดอัตโนมัติ ULibM
วิทยาลัยพยาบาลบรมราชชนนี พระพุทธบาท
เปลี่ยนเป็นภาษาไทย

Change to English
 แสดงรายละเอียดบรรณานุกรม
  กลับหน้าหลัก

Brief Record : Get Marc (ISO 2709) : E-mail record : QR code ปิดหน้าต่าง
Contents Review โดย ไม่พบชื่อเจ้าหน้าที่ห้องสมุด nichaporn เมื่อ6/กุมภาพันธ์/2561

E-books : เกี่ยวกับ Collections
LEADER 00000nam 2200000uu 4500
001    13399129099
003     ULIBM
008    020711s2017 th a 000 0 eng d
020    9780323371179
060    WY49 C641 2017
100    Debra Hagler 
245    Clinical companion to medical-surgical nursing : assessment and management of clinical problems
250    10th ed
260    St. Louis :^bElsevier/Mosby,^c2017
300    804 pages ;^c19 cm
999    ^aนางสาวณิชาพร เกตุศีระ
รายการนี้ยังไม่มีแท็ก
คุณยังไม่ได้ล็อกอิน คุณสามารถมีกิจกรรมร่วมกับเว็บไซต์ได้ แต่ต้องล็อกอินก่อน ::
  ล็อกอิน
ลำดับที่ ประเภท เลขเรียก สถานที่ สถานะ
1.
WY49 C641 2017 c.1 
  
วิทยาลัยพยาบาลบรมราชชนนี พระพุทธบาท
►หนังสือทั่วไป
On Shelf
   [แสดง 1/1 รายการ]

Bib 13399129099